000 02719cam a2200361 i 4500
999 _c10397
_d10397
001 826685433
003 OCoLC
005 20241126110731.0
008 130531s2013 miuab b 001 0 eng
010 _a2013014498
020 _a9780801039539 (pbk.)
020 _a0801039533 (pbk.)
035 _a(OCoLC)826685433
040 _aDLC
_beng
_erda
_cDLC
_dYDX
_dYDXCP
_dBDX
_dOCLCO
_dKAT
_dOOY
_dLNT
_dOCLCF
_dXPQ
_dATH
042 _apcc
050 0 0 _aBV2063
_b.T335 2013
082 _a266
_bTER
100 1 _aTerry, John Mark,
_d1949-
_915739
245 1 0 _aDeveloping a strategy for missions :
_ba biblical, historical, and cultural introduction /
_cJohn Mark Terry, J. D. Payne.
264 1 _aGrand Rapids, Michigan :
_bBaker Academic, a division of Baker Publishing Group,
_c2013.
300 _ax, 287 pages :
_billustrations, map ;
_c23 cm.
336 _atext
_2rdacontent
337 _aunmediated
_2rdamedia
338 _avolume
_2rdacarrier
490 1 _aEncountering mission
504 _aIncludes bibliographical references (pages 269-275) and indexes.
505 0 _aStrategy defined -- The crafting of mission strategy -- Contemporary objections to missionary strategy -- Strategic planning in biblical perspective -- Missiological principles for strategy development -- The apostle Paul's missionary strategy -- Missions strategy in the early church -- Roman Catholic strategy -- Pioneer Protestant strategies -- Faith missions strategy -- Mission strategies on the American frontier -- The indigenous mission strategy -- The church growth movement -- Frontier strategies -- Contextualization strategies -- Understanding cultural research -- Developing a people-group profile -- Developing a communication strategy -- Discerning receptivity -- Discerning need -- Visioning for the future -- Forming a team -- Assessing the resources -- Setting goals -- Choosing appropriate methods -- Execution -- Evaluation.
520 8 _a'In this addition to the highly acclaimed Encountering Mission series, two leading missionary scholars offer an up-to-date discussion of missionary strategy that is designed for a global audience. The authors focus on the biblical, missiological, historical, cultural, and practical issues that inform and guide the development of an effective missions strategy. The book includes all the features that have made other series volumes useful classroom tools, such as figures, sidebars, and case studies. Students of global or domestic mission work and mission practitioners will value this new resource' -- Publisher description.
650 0 _aMissions
_xTheory.
_948
700 1 _aPayne, Jervis David,
_d1974-
_918070
830 0 _aEncountering mission.
_914363
942 _2ddc
_cBK
_01